| 000 | 00523cam a2200181 4500500 | ||
|---|---|---|---|
| 005 | 20260329001650.0 | ||
| 041 | _afre | ||
| 042 | _adc | ||
| 100 | 1 | 0 |
_aVieira, Suzi _eauthor |
| 245 | 0 | 0 | _aSénèque |
| 260 | _c2008. | ||
| 500 | _a39 | ||
| 690 | _aPhilosophie antique | ||
| 690 | _aSénèque | ||
| 690 | _aStoïcisme | ||
| 786 | 0 | _nPhilosophie magazine | 22 | 9 | 2008-09-01 | p. 33-33 | 1951-1787 | |
| 856 | 4 | 1 | _uhttps://shs.cairn.info/magazine-philosophie-magazine-2008-9-page-33?lang=fr&redirect-ssocas=7080 |
| 999 |
_c1807490 _d1807490 |
||